Riconosci lo Stato - Quiz n°89 - Statistics

Statistiche generali
  • Questo quiz è stato fatto 49 volte
  • Il punteggio medio è 9 su 12
Statistiche sulle risposte
Indizio Risposta % Corretto
Valuta Manat
95%
Iniziale della Capitale A
86%
Presidente della Repubblica Serdar Berdimuhamedow
86%
Popolazione 5.662.544 ab.
81%
Indipendenza dall'URSS, 25 ottobre 1991 (dichiarata), 8 dicembre 1991 (riconosciuta)
81%
Superficie 491.210 km²
79%
Fuso Orario UTC+5
79%
PIL (nominale) 42 764 milioni di $
74%
ISU 0,745
72%
Tasso di crescita 1,143%
72%
Forma di Governo Repubblica presidenziale (de iure)
Dittatura totalitaria
(de facto)
72%
Risposta Turkmenistan
70%
Nessun quiz corrispondente trovato
Distribuzione punteggi
Percentuale di utenti per punteggio
Percentile per numero di risposta
I tuoi punteggi nel tempo
Non hai fatto questo quiz